| 000 | 01448cam a2200397 i 4500 | ||
|---|---|---|---|
| 001 | 57662 | ||
| 003 | Mx-PuUPA | ||
| 005 | 20251021102449.0 | ||
| 008 | 140415s2009 maua gr 000 0 mul d | ||
| 020 | _a9781934109236 | ||
| 040 |
_aMx-PuUPA _bspa _cMx-PuUPA _dMx-PuUPA _erda |
||
| 041 | 1 | _aeng | |
| 041 | 1 | _ajpn | |
| 100 | 1 |
_aNarusawa, Toshiko, _917580 _eautor |
|
| 245 | 1 | 0 |
_aKaizen express : _bfundamentals for you Lean Journey / _cby Toshiko Narusawa and John Shook ; foreword by Jim Womack |
| 264 | 1 |
_aCambridge, MA, : _bThe Lean Enterprise Institute, _c©2009 |
|
| 300 |
_a159 páginas : _bilustraciones, tablas ; _c26 cm |
||
| 336 |
_2rdacontent _atexto _btxt |
||
| 337 |
_2rdamedia _asin medio _bn |
||
| 338 |
_2rdacarrier _avolumen _bnc |
||
| 546 | _aTexto en inglés y japonés. | ||
| 610 | 2 | _aToyota Jidōsha Kōgyō Kabushiki Kaisha | |
| 650 | 7 |
_913986 _2armarc _aControl de procesos |
|
| 650 | 7 |
_2armarc _aControl de calidad |
|
| 650 | 7 |
_2armarc _aAdministración industrial |
|
| 650 | 7 |
_2armarc _aPlanificación estratégica |
|
| 650 | 7 |
_2armarc _aCambio organizacional |
|
| 650 | 7 |
_2armarc _aCalidad total _xAdministración |
|
| 700 | 1 |
_aShook, John, _eautor _92368 |
|
| 700 | 1 |
_aWomack, Jim, _eprologuista _92414 |
|
| 942 |
_2ddc _cLI _h658.4013 _iN28 |
||
| 999 |
_c57662 _d57662 |
||